Territory to Country - Statistics

General Stats
  • This quiz has been taken 13 times
  • The average score is 24 of 25
Answer Stats
Area Capital Country % Correct
5) North Atlantic Nuuk Denmark
100%
12) North Atlantic Torshavn Denmark
100%
7) South Pacific Papeete France
100%
20) South America Cayenne France
100%
22) Indian Ocean St Denis France
100%
24) Mediterranean Heraklion Greece
100%
1) Caribbean Oranjestad Netherlands
100%
19) Caribbean Willemstad Netherlands
100%
9) North Atlantic Ponta Delgada Portugal
100%
13) North Atlantic Tenerife Spain
100%
25) Mediterranean Palma De Mallorca Spain
100%
2) Irish Sea Douglas United Kingdom
100%
10) Caribbean Road Town United Kingdom
100%
16) Mid Atlantic Hamilton United Kingdom
100%
21) Iberian peninsula Gibraltar United Kingdom
100%
23) South Pacific Adamstown United Kingdom
100%
6) Caribbean Charlotte Amalie United States
100%
17) Western Pacific Pago Pago United States
100%
4) Mediterranean Cagliari Italy
92%
3) Arctic Ocean Longyearbyen Norway
92%
14) Baltic Sea Visby Sweden
92%
11) Indian Ocean Flying Fish Cove Australia
85%
8) Gulf of Bothnia Mariehamn Finland
77%
18) Western Pacific Avarua New Zealand
77%
15) Western Caribbean Coxen Hole Honduras
46%
No matching quizzes found
Score Distribution
Percent of People with Each Score
Percentile by Number Answered
Your Score History
You have not taken this quiz